000 00474nam a2200181Ia 4500
001 19875
005 20260306172725.0
008 260306t2019||||xx |||||||||||||| ||spa||
041 _aESP
082 _a341.2
_bT35F
100 _aTello Gilardi, Janet,
_eAUT
245 0 _aAcceso a la justicia :
_bdiscriminación y violencia por motivos de género
260 _c2019
300 _a245 páginas :
_c24 cm.
650 _aGEN
654 _aCDE
942 _cLIB
_dJUS
_fJUS
_2ddc
_n
999 _c19875
_d19875